| 000 | 01099nam a2200349Ia 4500 | ||
|---|---|---|---|
| 001 | Para_8687 | ||
| 003 | CHAP | ||
| 008 | 220125s2001 xx 000 0 und d | ||
| 010 | _a207498 | ||
| 040 | _cCHAP | ||
| 082 | _aPA 623.96 R6 2001 | ||
| 100 |
_aRodríguez Hernández, Cesáreo _998582 |
||
| 245 |
_aPlantas contra plagas : _b potencial práctico del ajo, anona, nim, chile y tabaco / _c por Cesáreo Rodríguez Hernández |
||
| 250 | _a2 | ||
| 260 |
_aTexcoco, Méx. : _b Red de Acción sobre Plaguicidas y Alternativas en México |
||
| 300 | _a132 p. | ||
| 650 |
_aAjo como plaguicida _9174094 |
||
| 650 |
_aChile (botánica) _922341 |
||
| 650 |
_aChirimoya _922608 |
||
| 650 |
_aControl biológico de plagas _927587 |
||
| 650 |
_aExtractos vegetales _939214 |
||
| 650 |
_aNim (extractos) _981351 |
||
| 650 |
_aPlantas insecticidas _989010 |
||
| 650 |
_aTabaco _9111196 |
||
| 901 | _aPA 623.96 R6 2001 | ||
| 902 | _aA | ||
| 905 | _a0000002001 d 0000000000 00 | ||
| 910 | _a2001 | ||
| 942 | _cPARA | ||
| 942 |
_cPARA _d1 |
||
| 999 |
_c207498 _d207498 |
||